[Event "Czech GM Open A"]
[Site "Pardubice CZE"]
[Date "2011.07.27"]
[Round "6.41"]
[White "Simacek,P"]
[Black "Zimmermann,Ju"]
[Result "1-0"]
[WhiteElo "2470"]
[BlackElo "2331"]

1.e4 c5 2.Nf3 d6 3.Bb5+ Bd7 4.Bxd7+ Qxd7 5.O-O Nc6 6.c4 Nf6 7.Nc3 g6 8.d4 cxd4
9.Nxd4 Bg7 10.Nde2 O-O 11.f3 a6 12.Bg5 Ne5 13.b3 b5 14.cxb5 axb5 15.Kh1 Qb7
16.Qd2 Rfc8 17.Rac1 b4 18.Na4 Nc4 19.Qd3 Ne5 20.Qd4 Qb5 21.Qe3 h6 22.Bxf6 Bxf6
23.Rfd1 h5 24.h3 Rxc1 25.Nxc1 Rc8 26.Ne2 Nd7 27.Qd2 Kg7 28.Nf4 Kf8 29.Nd5 Kg7
30.Nxb4 Bg5 31.Qe1 Nc5 32.Rd5 Bh4 33.Qxh4 Qf1+ 34.Kh2 Nxa4 35.Rxh5 gxh5 36.Qg5+ Kf8
37.Nd5 Qa1 38.Qxe7+ Kg7 39.Qg5+ Kf8 40.Qh6+ Ke8 41.Qxd6  1-0

[Event "98th ch-GBR"]
[Site "Sheffield ENG"]
[Date "2011.07.27"]
[Round "3.10"]
[White "Rendle,T"]
[Black "Hunt,A"]
[Result "1/2-1/2"]
[WhiteElo "2386"]
[BlackElo "2436"]

1.e4 c5 2.Nf3 d6 3.Bb5+ Nd7 4.d4 cxd4 5.Qxd4 a6 6.Bxd7+ Bxd7 7.Bg5 Rc8 8.Nc3 h6
9.Bh4 e5 10.Qd3 g5 11.Bg3 Nf6 12.h4 g4 13.Nd2 b5 14.a3 h5 15.Nf1 Qa5 16.Ne3 Be6
17.O-O Be7 18.Ncd5 Nxd5 19.exd5 Bd7 20.f4 gxf3 21.Rxf3 Qb6 22.Raf1 f5 23.Rxf5 Bxf5
24.Qxf5 Kd8 25.Bf2 Rf8 26.Qxh5 Rxf2 27.Kxf2 Rxc2+ 28.Kf3 Rxb2 29.Qh8+ Kd7
30.Rc1 Qd8 31.Qxd8+ Bxd8 32.Rc6 a5 33.Nf5 Rb3+ 34.Ke4 Rxa3 35.Rxd6+ Kc7 36.h5 b4
37.Rc6+ Kd7 38.Rd6+ Kc7 39.Rc6+ Kd7 40.Rd6+  1/2-1/2

[Event "15th Godesburg Open"]
[Site "Bad Godesberg GER"]
[Date "2011.07.28"]
[Round "6.1"]
[White "Wacker,P"]
[Black "Balcerak,J"]
[Result "1/2-1/2"]
[WhiteElo "2250"]
[BlackElo "2441"]

1.e4 c5 2.Nf3 d6 3.Bb5+ Bd7 4.Bxd7+ Qxd7 5.O-O Nc6 6.c3 Nf6 7.d4 Nxe4 8.d5 Ne5
9.Re1 Nxf3+ 10.Qxf3 Nf6 11.c4 e5 12.dxe6 fxe6 13.Bg5 Be7 14.Nc3 h6 15.Qh3 O-O
16.Qxe6+ Qxe6 17.Rxe6 Kf7 18.Rae1 Rfe8 19.Bd2 Bf8 20.Rxe8 Rxe8 21.Rxe8 Kxe8
22.f3 Kd7 23.Ne4 Be7 24.Kf2 Ke6 25.b3 d5 26.Nxf6 Bxf6 27.Ke2  1/2-1/2

[Event "2nd ch-Vojvodina"]
[Site "Novi Sad SRB"]
[Date "2011.07.28"]
[Round "6.15"]
[White "Ujhazi,I"]
[Black "Beslin,Igor"]
[Result "1-0"]
[WhiteElo "2218"]
[BlackElo "2036"]

1.e4 c5 2.Nf3 d6 3.Bb5+ Bd7 4.Bxd7+ Qxd7 5.O-O Nf6 6.Re1 Nc6 7.c3 e6 8.d4 cxd4
9.cxd4 Be7 10.Nc3 O-O 11.Bg5 h6 12.Bh4 Nh5 13.Bxe7 Qxe7 14.d5 Nd8 15.Nd4 Nf6
16.Qf3 Nh7 17.Qg3 Qf6 18.Rad1 e5 19.Nf5 b6 20.Nb5 Nb7 21.Qa3 Rfd8 22.b4 a5
23.Nc7 axb4 24.Qxb4 Rxa2 25.Qb3 Ra5 26.Qxb6 Rb8 27.Ra1 Rxa1 28.Rxa1 Qd8 29.h4 Nc5
30.Qxd6 Nxe4 31.Qxe5 Nhf6 32.Ne7+ Kf8 33.Nc6 Nd7 34.Qxe4 Qxc7 35.Qe7+  1-0

[Event "TCh-POR 1st Div"]
[Site "Torres Vedras POR"]
[Date "2011.07.28"]
[Round "6.2"]
[White "Viela,M"]
[Black "Ftacnik,L"]
[Result "0-1"]
[WhiteElo "2219"]
[BlackElo "2556"]

1.e4 c5 2.Nf3 d6 3.Bb5+ Nd7 4.d4 Nf6 5.O-O a6 6.Bxd7+ Nxd7 7.Re1 cxd4 8.Qxd4 e5
9.Qd1 Be7 10.Nc3 Nb6 11.a4 Be6 12.a5 Nd7 13.Nd5 Rc8 14.c3 O-O 15.Be3 h6 16.Qd2 Nf6
17.Bb6 Qd7 18.Nxf6+ Bxf6 19.Red1 Rc6 20.Ne1 Bb3 21.Nc2 Bg5 22.Qe2 f5 23.f3 Bc4
24.Qe1 fxe4 25.Qxe4 d5 26.Qxe5 Rg6 27.Bf2 Rxf3 28.Re1 Kh7 29.Nd4 Bf4 30.Nxf3 Bxe5
31.Nxe5 Qb5 32.Nxg6 Kxg6 33.Re6+ Kf7 34.Rb6 Qd7 35.Re1 Bd3 36.Bd4 Be4 37.Rf1+ Kg8
38.Rf2 Qe7 39.b4 Kh7 40.h3 h5 41.Bc5 Qe5 42.Rxb7 Qxc3 43.Bf8 Qa1+ 44.Rf1 Qd4+
45.Kh1 Bxg2+ 46.Kxg2 Qe4+ 47.Rf3 Qe2+ 48.Kg3 Qe1+ 49.Kg2 Qe2+ 50.Rf2 Qe4+
51.Kf1 Qb1+ 52.Ke2 Qc2+ 53.Ke3 d4+ 54.Kxd4 Qxf2+ 55.Kc4 Qxf8 56.Rb6 Qc8+
57.Kd5 Qxh3 58.Kc5 Qc3+  0-1

[Event "Biel MTO Open"]
[Site "Biel SUI"]
[Date "2011.07.29"]
[Round "11"]
[White "Delorme,Ax"]
[Black "Cheparinov,I"]
[Result "1/2-1/2"]
[WhiteElo "2448"]
[BlackElo "2669"]

1.e4 c5 2.Nf3 d6 3.Bb5+ Nd7 4.d4 cxd4 5.Qxd4 a6 6.Bxd7+ Bxd7 7.O-O Rc8 8.Nc3 e5
9.Qd3 h6 10.a4 Nf6 11.Re1 Be7 12.Nd2 Qc7 13.Nf1 Be6 14.Ne3 O-O 15.Bd2 Rfd8
16.Rac1 Qc6 17.a5 d5 18.exd5 Nxd5 19.Ncxd5 Bxd5 20.Nxd5 Rxd5 21.Qe2 Rcd8
22.Bc3 Bc5 23.Red1 Bd4 24.Bxd4 exd4 25.Qd2 Qb5 26.b4 Qc4 27.g3 Rb5 28.c3 d3
29.Re1 Rc8 30.Red1 Re5 31.Qf4 Qxf4 32.gxf4 Rd5  1/2-1/2

[Event "2nd ch-Vojvodina"]
[Site "Novi Sad SRB"]
[Date "2011.07.29"]
[Round "8.9"]
[White "Lukovic,V"]
[Black "Cabarkapa,N"]
[Result "1/2-1/2"]
[WhiteElo "2225"]
[BlackElo "2177"]

1.e4 c5 2.Nf3 d6 3.Bb5+ Nc6 4.Bxc6+ bxc6 5.O-O e5 6.c3 Nf6 7.Re1 Bg4 8.h3 Bh5
9.d3 Be7 10.Nbd2 O-O 11.Nf1 Nd7 12.Ng3 Bg6 13.d4 exd4 14.cxd4 d5 15.exd5 cxd5
16.dxc5 Nxc5 17.Ne5 Bf6 18.Bf4 Ne6 19.Nxg6 hxg6 20.Be5 Bxe5 21.Rxe5 d4 22.Qd2 Qb6
23.Ree1 Rab8 24.b3 a5 25.Ne2 Rfd8 26.Nc1 a4 27.bxa4 Ra8 28.Nd3 Rxa4 29.Rac1 Rda8
30.Rc2 Ra3 31.Ne5 d3 32.Nxd3 Nd4 33.Rc4 Rxa2 34.Qe3 Rd8 35.Ne5 Qb2 36.Nxf7 Nf5
37.Qf4 Rf8 38.Ng5 Qxf2+ 39.Qxf2 Rxf2 40.Rc7 Nh4 41.Kh1 Rxg2 42.Rc4 Rxg5 43.Rxh4  1/2-1/2

[Event "Czech GM Open A"]
[Site "Pardubice CZE"]
[Date "2011.07.29"]
[Round "8.34"]
[White "Velicka,P"]
[Black "Aliavdin,N"]
[Result "1/2-1/2"]
[WhiteElo "2461"]
[BlackElo "2392"]

1.e4 c5 2.Nf3 d6 3.Bb5+ Bd7 4.Bxd7+ Qxd7 5.c4 Nf6 6.Nc3 g6 7.d4 cxd4 8.Nxd4 Bg7
9.f3 O-O 10.Be3 Nc6 11.O-O a6 12.a4 e6 13.Rc1 Ne5 14.b3 d5 15.cxd5 exd5 16.exd5 Rfe8
17.Nde2 Neg4 18.Bd4 Ne3 19.Bxe3 Rxe3 20.Qd2 Rae8 21.Ng3 Qd6 22.Kh1 Qb4 23.d6 R3e6
24.Rcd1 Rd8 25.Nce4 Qxd2 26.Rxd2 Nxe4 27.Nxe4 f5 28.Nc5 Rdxd6 29.Rxd6 Rxd6
30.Nxb7 Rb6 31.Nc5 Bd4 32.Rc1 Bxc5 33.Rxc5 Rxb3 34.h3 Rb6 35.Rc8+ Kg7 36.Rc7+ Kf6
37.a5 Rd6 38.Kh2 h5 39.Kg3 g5 40.Rc5 h4+ 41.Kf2 f4 42.Ke2 Kg6 43.Ke1  1/2-1/2

[Event "Czech GM Open A"]
[Site "Pardubice CZE"]
[Date "2011.07.29"]
[Round "8.91"]
[White "Pfretzschner,R"]
[Black "Denisov,I"]
[Result "0-1"]
[WhiteElo "2240"]
[BlackElo "2323"]

1.e4 c5 2.Nf3 d6 3.Bb5+ Nc6 4.O-O Bd7 5.c3 Nf6 6.Re1 a6 7.Bxc6 Bxc6 8.d4 Bxe4
9.Bg5 Bc6 10.Bxf6 gxf6 11.d5 Bd7 12.Qd3 Qc7 13.Nbd2 e6 14.Ne4 Be7 15.Rad1 O-O-O
16.c4 Kb8 17.a3 Bc8 18.Ng3 f5 19.b4 Rhg8 20.bxc5 dxc5 21.Nh5 Bd6 22.Qc3 Rg6
23.Rd2 Rdg8 24.g3 e5 25.Nxe5 Rh6 26.Nf4 f6 27.Ned3 Bxf4 28.Nxf4 Qxf4 29.d6 Qh4
30.f4 Rhg6 31.Rg2 Qh5 32.Rge2 Bd7 33.Qa5 Rxg3+ 34.hxg3 Rxg3+ 35.Rg2 Rxg2+
36.Kxg2 Bc6+  0-1

[Event "98th ch-GBR"]
[Site "Sheffield ENG"]
[Date "2011.07.29"]
[Round "5.17"]
[White "Rendle,T"]
[Black "Sreeves,C"]
[Result "1-0"]
[WhiteElo "2386"]
[BlackElo "2169"]

1.e4 c5 2.Nf3 d6 3.Bb5+ Bd7 4.Bxd7+ Qxd7 5.O-O Nf6 6.Qe2 Nc6 7.Rd1 Rc8 8.c3 e6
9.d4 cxd4 10.Bg5 d3 11.Rxd3 Qc7 12.Na3 a6 13.Rad1 b5 14.Nc2 Be7 15.Bf4 Ne5
16.Nxe5 dxe5 17.Bg5 Rd8 18.Rxd8+ Bxd8 19.Nb4 Qb7 20.Qd3 Be7 21.Bxf6 gxf6
22.Nc2 O-O 23.h4 Rd8 24.Qg3+ Kh8 25.Rxd8+ Bxd8 26.Qd3 Be7 27.Ne3 Qc6 28.Ng4 Kg7
29.h5 Qd6 30.h6+ Kh8 31.Qxd6 Bxd6 32.Nxf6 Bf8 33.Ng4 Bd6 34.Kf1 f5 35.exf5 exf5
36.Ne3 f4 37.Nf5 Bc5 38.f3 Kg8 39.Ke2  1-0

[Event "98th ch-GBR"]
[Site "Sheffield ENG"]
[Date "2011.07.29"]
[Round "5.20"]
[White "Ross,C"]
[Black "Jones,W"]
[Result "0-1"]
[WhiteElo "2234"]
[BlackElo "2121"]

1.e4 c5 2.Nf3 d6 3.Bb5+ Nc6 4.O-O Bd7 5.Re1 Nf6 6.c3 a6 7.Bf1 Bg4 8.d3 e6
9.Nbd2 d5 10.h3 Bh5 11.Qc2 Be7 12.a3 O-O 13.g4 Bg6 14.Nh4 dxe4 15.Nxg6 hxg6
16.dxe4 Nd7 17.Nf3 b5 18.Bf4 Qb6 19.Rad1 Rad8 20.b4 a5 21.Qe2 c4 22.Qb2 Qb7
23.Bg2 axb4 24.axb4 Nb6 25.Ne5 Ra8 26.Nxc6 Qxc6 27.Ra1 Rfd8 28.Qc2 Rxa1 29.Rxa1 Na4
30.e5 Qc8 31.Be4 Rd7 32.Be3 Qb8 33.Rxa4 bxa4 34.Qxa4 Rd8 35.Qa5 g5 36.Kg2 g6
37.Ba7 Qc8 38.b5 Rd2 39.Be3 Rb2 40.b6 Bd8 41.Qa7 Kg7 42.b7 Qc7 43.Bc5 Be7
44.Bxe7 Qxe5 45.Bf3 Kh6 46.Bb4  0-1

[Event "98th ch-GBR"]
[Site "Sheffield ENG"]
[Date "2011.07.29"]
[Round "5.10"]
[White "Britton,R"]
[Black "Williams,Si1"]
[Result "0-1"]
[WhiteElo "2203"]
[BlackElo "2528"]

1.e4 c5 2.Nf3 d6 3.Bb5+ Nc6 4.d4 cxd4 5.Qxd4 Bd7 6.Bxc6 Bxc6 7.Nc3 e6 8.Bg5 Nf6
9.O-O-O Be7 10.Qd3 O-O 11.Nd4 Qc7 12.f4 Rfd8 13.Kb1 a6 14.f5 Ng4 15.Qg3 Bxg5
16.Qxg4 Bf6 17.fxe6 fxe6 18.Qxe6+ Kh8 19.Nd5 Bxd5 20.Qxd5 Re8 21.Nf5 Qb6
22.b3 Re5 23.Qd3 Qa5 24.c4 Rxf5 25.exf5 Qe5 26.Qd2 Qa1+ 27.Kc2 Qxa2+ 28.Kd3 Qxb3+
29.Ke2 Qxc4+ 30.Qd3 Re8+ 31.Kf3 Qh4 32.g3 Qh5+ 33.Kf2 Bd4+ 34.Qxd4 Re2+ 35.Kg1 Qf3  0-1

[Event "XXXVII Open"]
[Site "Sitges ESP"]
[Date "2011.07.29"]
[Round "8"]
[White "Munoz Pantoja,M"]
[Black "Bacallao Alonso,Y"]
[Result "1/2-1/2"]
[WhiteElo "2482"]
[BlackElo "2532"]

1.e4 c5 2.Nf3 d6 3.Bb5+ Bd7 4.Bxd7+ Qxd7 5.O-O Nf6 6.e5 dxe5 7.Nxe5 Qc8 8.d3 Nc6
9.Bf4 e6 10.Nd2 Be7 11.Ndc4 O-O 12.a4 b6 13.Re1  1/2-1/2

[Event "TCh-POR 1st Div"]
[Site "Torres Vedras POR"]
[Date "2011.07.29"]
[Round "7.2"]
[White "Guerreiro,N"]
[Black "Pereira,Rub"]
[Result "0-1"]
[WhiteElo "2070"]
[BlackElo "2436"]

1.e4 c5 2.Nf3 d6 3.Bb5+ Nc6 4.Bxc6+ bxc6 5.h3 g6 6.O-O Bg7 7.Re1 e5 8.c3 Ne7
9.d4 cxd4 10.cxd4 exd4 11.Nxd4 O-O 12.Bg5 Bb7 13.Nc3 Re8 14.Qd2 d5 15.exd5 cxd5
16.Rad1 Qd7 17.Nb3 Rac8 18.Ne4 Nf5 19.Nf6+ Bxf6 20.Bxf6 Qc6 21.Qc3 Qb6 22.Rxe8+ Rxe8
23.g4 d4 24.Bxd4 Nxd4 25.Nxd4 Rd8 26.b3 Qf6 27.Qe3 Qd6 28.Rd2 Rc8 29.f4 Qd5
30.Kh2 h6 31.Kg3 Qh1 32.Nf3 a5 33.Re2 Bxf3 34.Qxf3 Qg1+ 35.Rg2 Qe1+ 36.Qf2 Rc3+
37.Kh2 Qe4 38.Qd2 Rd3 39.Qc1 Qf3 40.f5 Qxh3+ 41.Kg1 Rg3 42.Qc8+ Kg7 43.f6+ Kh7
44.Qb7 Rxg2+ 45.Qxg2 Qe3+ 46.Qf2 Qe4 47.Qd2 Qxg4+ 48.Kh1 Qe4+ 49.Kg1 Qe5
50.Kh1 h5 51.Kg2 h4 52.Qf2 g5 53.Qa7 Qd5+ 54.Kh3 Kg6 55.Qe7 Qh1+  0-1

[Event "11th Condino Open"]
[Site "Condino ITA"]
[Date "2011.07.30"]
[Round "7"]
[White "Stoppa,O"]
[Black "Rubio Mejia,L"]
[Result "0-1"]
[WhiteElo "2286"]
[BlackElo "2417"]

1.e4 c5 2.Nf3 d6 3.Bb5+ Bd7 4.Bxd7+ Qxd7 5.O-O Nf6 6.Qe2 Nc6 7.c3 e6 8.Rd1 Be7
9.d4 cxd4 10.Nxd4 d5 11.exd5 exd5 12.Bg5 O-O 13.Qf3 Ne4 14.Bxe7 Qxe7 15.Nf5 Qe6
16.Nd4 Qg6 17.Na3 Rad8 18.Qf4 Rfe8 19.Nxc6 bxc6 20.Re1 h5 21.Rad1 Rb8 22.Qc1 Ng5
23.Kh1 Qf5 24.Rxe8+ Rxe8 25.Re1 Rxe1+ 26.Qxe1 h4 27.h3 Qd3 28.f3 Ne6 29.Qxh4 Qd2
30.Qa4 Qxb2 31.Qb3 Qc1+ 32.Kh2 Qf4+ 33.Kh1 Qc1+ 34.Kh2 Qd2 35.Qc2 Qe1 36.Nb1 g6
37.Qb2 c5 38.Nd2 Qe5+ 39.Kh1 Qe2 40.Qb8+ Kg7 41.Nb3 Qe1+ 42.Kh2 Qxc3 43.Qxa7 Qe5+
44.Kh1 c4 45.Nc5 Nf4 46.Nd7 Qb2 47.Qg1 d4 48.Ne5 c3 49.Nd3 Nxd3 50.Qxd4+ f6
51.Qd7+ Kh6 52.Qc8 c2 53.Qf8+ Kg5 54.h4+ Kf4 55.Qd6+ Ke3  0-1

[Event "COQ Invitational"]
[Site "Montreal CAN"]
[Date "2011.07.30"]
[Round "9"]
[White "Bojkov,D"]
[Black "Gerzhoy,L"]
[Result "1-0"]
[WhiteElo "2544"]
[BlackElo "2483"]

1.e4 c5 2.Nf3 d6 3.Bb5+ Bd7 4.Bxd7+ Qxd7 5.c4 Nc6 6.Nc3 Nf6 7.d4 cxd4 8.Nxd4 g6
9.f3 Bg7 10.Be3 O-O 11.O-O Rfc8 12.b3 Qd8 13.Nde2 Nd7 14.Rc1 a6 15.a4 Nc5
16.Kh1 Nb4 17.Bg5 Qd7 18.Rb1 e6 19.Qd2 Ncd3 20.Na2 Nxa2 21.Qxd3 Nb4 22.Qd2 Nc6
23.Rfd1 b5 24.axb5 axb5 25.cxb5 Ne5 26.b6 Qb7 27.Be3 Bf8 28.Nc3 Rc6 29.Rbc1 Rac8
30.Na4 Nd7 31.Rxc6 Rxc6 32.Qa5 Rc8 33.Rc1 Rxc1+ 34.Bxc1 Qc6 35.Be3 d5 36.exd5 exd5
37.Qc3 Qb5 38.Kg1 Nb8 39.Qc8 Na6 40.b7 d4 41.Qa8 d3 42.Bc5  1-0

[Event "Czech GM Open A"]
[Site "Pardubice CZE"]
[Date "2011.07.30"]
[Round "9.99"]
[White "Gafner,E"]
[Black "Sazonova,E"]
[Result "1-0"]
[WhiteElo "2287"]
[BlackElo "2131"]

1.e4 c5 2.Nf3 d6 3.Bb5+ Bd7 4.Bxd7+ Qxd7 5.O-O Nf6 6.e5 dxe5 7.Nxe5 Qc7 8.d4 e6
9.Bf4 Bd6 10.Na3 O-O 11.Nb5 Qd8 12.Nxd6 Qxd6 13.Ng6 Qxd4 14.Qxd4 cxd4 15.Nxf8 Kxf8
16.Bxb8 Rxb8 17.Rfd1 e5 18.f4 Nd5 19.fxe5 Ne3 20.Rd2 Rd8 21.c3 d3 22.b3 Ng4
23.Re1 f6 24.exf6 gxf6 25.Re4 Ne5 26.c4 Kf7 27.Kf1 Kg6 28.Ke1 Kf5 29.Rh4 Rd7
30.Rf2+ Kg5 31.Rh3 f5 32.Rg3+ Kf6 33.Kd2 h5 34.h3 Rd6 35.Rg8 Nf7 36.g4 hxg4
37.hxg4 Nh6 38.g5+ Kf7 39.Rb8  1-0

[Event "XXXVII Open"]
[Site "Sitges ESP"]
[Date "2011.07.30"]
[Round "9"]
[White "Thakur,Ak"]
[Black "Jimenez Fraga,P"]
[Result "1-0"]
[WhiteElo "2327"]
[BlackElo "2464"]

1.e4 c5 2.Nf3 d6 3.Bb5+ Nc6 4.O-O Bg4 5.h3 Bh5 6.c3 a6 7.Bxc6+ bxc6 8.d4 cxd4
9.cxd4 e6 10.Qa4 Qd7 11.Nbd2 Nf6 12.e5 c5 13.Qa3 Nd5 14.Nc4 dxe5 15.Nfxe5 cxd4
16.Qd3 Qa7 17.Bd2 Be7 18.Nc6 Qc5 19.Nxe7 Nxe7 20.b4 Qc7 21.Qxd4 O-O 22.Bf4 Qb7
23.Na5 Qd5 24.Be3 Rab8 25.Qc4 Rfe8 26.Rfc1 h6 27.a3 Bg6 28.Nc6 Nxc6 29.Qxd5 exd5
30.Rxc6 Re6 31.Rxe6 fxe6 32.Rc1 e5 33.Rc6 Bd3 34.Re6 e4 35.Rd6 Bc4 36.Rd7 Rf8
37.Bd4 Rf7 38.Rd8+ Kh7 39.Rb8 Bb5 40.Rb6 Rc7 41.a4 Bd3 42.b5 Rc4 43.Be5 Rxa4
44.Rb7 Kg6 45.g4 Kh7 46.Rxg7+ Kh8 47.b6 e3 48.b7 Rb4 49.b8=Q+  1-0

[Event "9th Metropolitan Invitational"]
[Site "Los Angeles USA"]
[Date "2011.07.31"]
[Round "9"]
[White "Manukian,G"]
[Black "Amanov,Z"]
[Result "1/2-1/2"]
[WhiteElo "2292"]
[BlackElo "2382"]

1.e4 c5 2.Nf3 d6 3.Bb5+ Bd7 4.Bxd7+ Qxd7 5.O-O g6 6.d4 cxd4 7.Nxd4 Nf6 8.Nc3 Bg7
9.h3 O-O 10.Be3 Nc6 11.Qd2 Rac8 12.Nxc6 Qxc6 13.Qd3 a6 14.a4 Nd7 15.Nd5 Rfe8
16.c3 Nc5 17.Bxc5 Qxc5 18.Qe3 Qxe3 19.Nxe3 Rc5 20.Rfd1 Rec8  1/2-1/2

[Event "15th HZ Open"]
[Site "Vlissingen NED"]
[Date "2011.07.31"]
[Round "3"]
[White "Hamelink,D"]
[Black "Burg,T"]
[Result "0-1"]
[WhiteElo "2220"]
[BlackElo "2450"]

1.e4 c5 2.Nf3 d6 3.Bb5+ Bd7 4.Bxd7+ Qxd7 5.O-O Nc6 6.c4 g6 7.Nc3 Bg7 8.h3 Nf6
9.Re1 O-O 10.d4 cxd4 11.Nxd4 Rac8 12.Be3 Nxd4 13.Bxd4 Rxc4 14.Bxa7 b5 15.Bd4 e5
16.Bb6 Rb8 17.Be3 Nxe4 18.Nd5 Qe6 19.b3 Rc6 20.Nb4 Rcc8 21.Ba7 Rb7 22.Rxe4 Rxa7
23.a4 f5 24.Re2 e4 25.Rb1 Rc5 26.Rc2 Bc3 27.Na2 Bf6 28.Rd2 Be5 29.b4 Rc4
30.axb5 d5 31.Nc1 d4 32.Nb3 Qd6 33.Nc5 Ra3 34.Rc2 Rxc2 35.Qxc2 Qd5 36.b6 d3
37.Qc1 d2 38.Qd1 e3 39.fxe3 Rxe3 40.Qf1 Qd4 41.Kh1 Qf4  0-1

[Event "Politiken Cup"]
[Site "Helsingor DEN"]
[Date "2011.08.01"]
[Round "4"]
[White "Hendriks,W"]
[Black "Ruck,R1"]
[Result "1/2-1/2"]
[WhiteElo "2415"]
[BlackElo "2569"]

1.e4 c5 2.Nf3 d6 3.Bb5+ Bd7 4.Bxd7+ Nxd7 5.O-O Ngf6 6.Qe2 e6 7.b3 Be7 8.Bb2 O-O
9.c4 Re8 10.d4 cxd4 11.Nxd4 Qb6 12.Kh1 Bf8 13.Nc2 Rac8 14.Nc3 Nc5 15.Rad1 Qc6
16.Nd4 Qb6 17.Nc2 Qc6 18.Nd4 Qb6  1/2-1/2

[Event "98th ch-GBR"]
[Site "Sheffield ENG"]
[Date "2011.08.01"]
[Round "7.10"]
[White "Ross,C"]
[Black "Gormally,D"]
[Result "0-1"]
[WhiteElo "2234"]
[BlackElo "2519"]

1.e4 c5 2.Nf3 d6 3.Bb5+ Nd7 4.d4 Nf6 5.Nc3 cxd4 6.Qxd4 e5 7.Qd3 h6 8.Be3 Be7
9.O-O a6 10.Bc4 b5 11.Bd5 Rb8 12.Ba7 Nxd5 13.Nxd5 Rb7 14.Be3 Nf6 15.Nxe7 Qxe7
16.Bd2 O-O 17.Bb4 Rd8 18.Rad1 Bg4 19.Rfe1 Ne8 20.Qa3 Qe6 21.h3 Bxf3 22.Qxf3 Nf6
23.Qb3 d5 24.exd5 Rxd5 25.Rxd5 Nxd5 26.Bc3 f6 27.a4 Qc6 28.Rd1 Rd7 29.axb5 axb5
30.Rd3 Kh7 31.Bd2 e4 32.Rd4 f5 33.c3 Kh8 34.Qd1 Qe6 35.Qe2 Rb7 36.Bc1 Nf6
37.Bf4 Nd5 38.Bc1 Kh7 39.Qd1 Nf6 40.Bf4 Re7 41.Rd8 g5 42.Bd6 Rf7 43.Qd4 Kg6
44.Be5 Rd7 45.Rxd7 Nxd7 46.Bd6 f4 47.Bc5 h5 48.b3 e3 49.Kf1 Qf5 50.Qd6+ Nf6
51.Ke1 Qb1+ 52.Qd1 Qxd1+ 53.Kxd1 Ne4 54.Bd4 Nxf2+ 55.Ke2 Ne4 56.c4 b4 57.Kd3 Kf5
58.c5 Nf2+ 59.Ke2 Ke6 60.c6 Ne4 61.Kd3 Ng3 62.Bc5 h4 63.c7 Kd7 64.Be7 g4
65.Bxh4 Nf5 66.Bg5 f3 67.Bxe3 Nxe3 68.gxf3 gxh3  0-1

[Event "29th World Junior Girls"]
[Site "Chennai IND"]
[Date "2011.08.02"]
[Round "1.10"]
[White "Akshaya,A"]
[Black "Eric,J"]
[Result "0-1"]
[WhiteElo "1966"]
[BlackElo "2282"]

1.e4 c5 2.Nf3 d6 3.Bb5+ Bd7 4.Bxd7+ Qxd7 5.O-O Nf6 6.Re1 Nc6 7.c3 e6 8.d3 Be7
9.Nbd2 O-O 10.Nf1 Ne5 11.Ng3 Rac8 12.b3 b5 13.c4 Rfd8 14.Bb2 Ng6 15.Qd2 h6
16.h3 Nh7 17.Rad1 Ng5 18.Nxg5 Bxg5 19.Qe2 a5 20.cxb5 Qxb5 21.Nh5 e5 22.g3 Be7
23.f4 Bf8 24.f5 Ne7 25.f6 Ng6 26.Rf1 Rc7 27.Bc1 Qb7 28.fxg7 Bxg7 29.Nxg7 Kxg7
30.Qf3 Re8 31.Qh5 Rh8 32.Rf5 Qa7 33.Be3 Qa8 34.Rdf1 Qe8 35.Qg4 h5 36.Rxh5 Rxh5
37.Qxh5 Qh8 38.Qf5 Kg8 39.h4 Qg7 40.Bg5 Ne7 41.Qg4 Nc6 42.h5 Kh7 43.h6 Qg8
44.Rf6 Nd4 45.Rxd6 Qxg5 46.Qxg5 Nf3+ 47.Kg2 Nxg5 48.Ra6 Ne6 49.Rxa5 Kxh6
50.a3 Rd7 51.b4 Rxd3 52.bxc5 Rc3 53.c6 Rxc6 54.Rxe5 Ra6 55.Rf5 Kg6 56.Rf3 Nd4
57.Rd3 Nc2 58.Rc3 Nxa3 59.Kf3 Nb5 60.Rc5 Nd4+ 61.Kg4 Ne6 62.Rc4 Ra5 63.Rb4 Re5
64.Rc4 f6 65.Kf3  0-1

[Event "Politiken Cup"]
[Site "Helsingor DEN"]
[Date "2011.08.02"]
[Round "5.66"]
[White "Andersson,C"]
[Black "Olofsson-Dolk,Mattis"]
[Result "1-0"]
[WhiteElo "2134"]
[BlackElo "1951"]

1.e4 c5 2.Nf3 d6 3.Bb5+ Nd7 4.d4 cxd4 5.Qxd4 a6 6.Bxd7+ Bxd7 7.O-O Rc8 8.Nc3 e5
9.Qd3 Be6 10.Rd1 h6 11.b3 Qc7 12.Bb2 Nf6 13.Rac1 Be7 14.Ne2 b5 15.Ng3 O-O
16.Rd2 Rfd8 17.Rcd1 Nd7 18.Ba3 Nc5 19.Qe3 Bg4 20.h3 Bg5 21.Nxg5 Bxd1 22.Rxd1 hxg5
23.Qxg5 Ne6 24.Qg4 Qxc2 25.Nf5 Qxa2 26.Bxd6 Rxd6 27.Rxd6 Rc1+ 28.Kh2 g6 29.Rxe6 Kf8
30.Qh4  1-0

[Event "98th ch-GBR"]
[Site "Sheffield ENG"]
[Date "2011.08.02"]
[Round "8.28"]
[White "Mason,D"]
[Black "Magee,Ronan"]
[Result "1-0"]
[WhiteElo "2237"]
[BlackElo "1953"]

1.e4 c5 2.Nf3 d6 3.Bb5+ Nd7 4.O-O a6 5.Bxd7+ Bxd7 6.d4 cxd4 7.Qxd4 Nf6 8.Nc3 g6
9.Nd5 Bg7 10.Bg5 Nh5 11.Qb4 f6 12.Be3 a5 13.Qxb7 Rb8 14.Qa7 Rxb2 15.Rab1 Rxb1
16.Rxb1 O-O 17.Rb7 Be6 18.Nxe7+ Kh8 19.Nd4 Bxa2 20.g4  1-0

[Event "98th ch-GBR"]
[Site "Sheffield ENG"]
[Date "2011.08.02"]
[Round "8.8"]
[White "Gormally,D"]
[Black "Bates,Ri"]
[Result "1/2-1/2"]
[WhiteElo "2519"]
[BlackElo "2373"]

1.e4 c5 2.Nf3 d6 3.Bb5+ Bd7 4.Bxd7+ Qxd7 5.O-O Nf6 6.Qe2 Nc6 7.Rd1 g5 8.c3 g4
9.Nh4 Qe6 10.d3 d5 11.Bg5 dxe4 12.Bxf6 Qxf6 13.g3 O-O-O 14.Qxe4 e6 15.Qxg4 Ne5
16.Qe2 Rg8 17.d4 Qxh4 18.dxe5 Rxd1+ 19.Qxd1 Qe4 20.Nd2 Qxe5 21.Qa4 Be7 22.Nc4 Qe2
23.Nb6+ Kb8 24.Qf4+ e5 25.Nd7+ Kc8 26.Nxe5 Rd8 27.Nf3 Qxb2 28.Re1 Bd6 29.Qxf7 Qxc3
30.Re3 Qc2 31.Kg2 Kb8 32.Qf6 Bc7 33.a3 Qg6 34.Qe7 Qc6 35.Qxh7 c4 36.Qc2 b5
37.h4 Bb6 38.Re4 Rd3 39.Qe2 Rd5 40.Re6 Qc5 41.Ne5 Kb7 42.Nc6 Rd6 43.Rxd6 Qxd6
44.Nb4 a5 45.Qf3+ Kb8 46.Nd5 b4 47.axb4 axb4 48.Qe4 Qc5 49.Ne3 c3 50.h5 c2
51.Qxc2 Qxh5 52.Qe4 Qc5 53.Qe8+ Qc8 54.Qb5 Qc5 55.Qd3 Qd4 56.Qg6 Qd8 57.Nc2 Qd5+
58.Kf1 Qb5+ 59.Kg1 b3 60.Qd6+ Kb7 61.Qe7+  1/2-1/2

[Event "98th ch-GBR"]
[Site "Sheffield ENG"]
[Date "2011.08.02"]
[Round "8.25"]
[White "Lalic,P"]
[Black "Holland,J"]
[Result "1-0"]
[WhiteElo "1978"]
[BlackElo "2196"]

1.e4 c5 2.Nf3 d6 3.Bb5+ Nd7 4.d4 cxd4 5.Qxd4 a6 6.Bxd7+ Bxd7 7.Nc3 Rc8 8.Bg5 h6
9.Bh4 e5 10.Qd3 g5 11.Bg3 Be6 12.Nd2 Nf6 13.O-O-O Qc7 14.Kb1 Bg7 15.h4 g4
16.h5 O-O 17.Nb3 Rfd8 18.Bh4 Rd7 19.Nd5 Bxd5 20.exd5 e4 21.Qe2 Qc4 22.Qxc4 Rxc4
23.Nd2 Rd4 24.Bxf6 Bxf6 25.c3 Rxd5 26.Nxe4 Rxd1+ 27.Rxd1 Be5 28.Kc2 f5 29.Nd2 Rc7
30.Rf1 f4 31.Kd3 Kg7 32.f3 Kf6 33.Ne4+ Kf5 34.Nf2 gxf3 35.gxf3 Rc5 36.Ne4 Rb5
37.b3 d5 38.Nf2 Ra5 39.a4 Rc5 40.Nd1 b5 41.axb5 axb5 42.Rg1 b4 43.cxb4 Rb5
44.Rg6 Rxb4 45.Kc2 Bf6 46.Rxh6 Rb7 47.Nf2 Rc7+ 48.Kd2 Rb7 49.Ng4 Be7 50.Rc6 Rxb3
51.h6 Rb7 52.Kd3 Bg5 53.Rd6 Rh7 54.Rxd5+ Kg6 55.Ke4 Rb7 56.Rd6+ Kh7 57.Rd5 Bxh6
58.Rh5 Rb4+ 59.Kf5 Rb5+ 60.Ne5 Rb6 61.Rh1 Kg8 62.Nd7 Rb5+ 63.Kg6 Rb2 64.Rxh6 Rf2
65.Ne5 Re2 66.Kf5 Kg7 67.Rg6+ Kh7 68.Rg4  1-0

[Event "Tabor Open"]
[Site "Tabor CZE"]
[Date "2011.08.02"]
[Round "4.16"]
[White "Havranek,Mir"]
[Black "Pravdik,K"]
[Result "1/2-1/2"]
[WhiteElo "2178"]
[BlackElo "2019"]

1.e4 c5 2.Nf3 d6 3.Bb5+ Nd7 4.O-O Nf6 5.Re1 a6 6.Bf1 b6 7.c4 Bb7 8.Nc3 e6
9.d3 Be7 10.a3 O-O 11.b4 cxb4 12.axb4 d5 13.Rb1 dxc4 14.dxc4 Qc7 15.Bg5 Rfd8
16.Qc1 Ne5 17.Nxe5 Qxe5 18.Bf4 Qh5 19.Re3 Nxe4 20.Nxe4 Qf5 21.Bc7 Bxe4 22.Bxd8 Rxd8
23.Rb2 Bg5 24.Rd2 Rxd2 25.Qxd2 g6 26.Qd4 Bxe3 27.Qxe3 b5  1/2-1/2

[Event "ECT Open A"]
[Site "Borne NED"]
[Date "2011.08.03"]
[Round "4.5"]
[White "Manoch,Maurice"]
[Black "Pijpers,A"]
[Result "0-1"]
[WhiteElo "1830"]
[BlackElo "2296"]

1.e4 c5 2.Nf3 d6 3.Bb5+ Nd7 4.O-O a6 5.Bxd7+ Bxd7 6.d4 cxd4 7.Nxd4 g6 8.f4 Bg7
9.Kh1 Qb6 10.c3 Rc8 11.Na3 Nh6 12.f5 Ng8 13.Qd3 Nf6 14.Nc4 Qc5 15.Nd2 O-O
16.N2f3 b5 17.Be3 Qc4 18.Qb1 Ng4 19.Bg1 Ne5 20.Nxe5 Bxe5 21.Rf3 g5 22.Rh3 Kg7
23.Qd1 h6 24.Qh5 Rh8 25.b3 Qc7 26.Ne6+ Bxe6 27.fxe6 fxe6 28.Rf1 Bf6 29.Bd4 Rcf8
30.Rhf3 e5 31.Bf2 Qc6 32.Re1 a5 33.h4 a4 34.Kg1 axb3 35.axb3 Qe8 36.Qg4 h5
37.Qe6 g4 38.Rd3 Rh6 39.Qd5 Qd7 40.Ra1 Rc8 41.Ra7 Rc7 42.Rxc7 Qxc7 43.Qxb5 Rh8
44.Qd5 Rb8 45.b4 Qd7 46.Qb3 Qb7 47.Rd5 Ra8 48.b5 Ra1+ 49.Kh2 Rf1 50.Qb2 e6
51.Rxd6 Qxe4 52.Qd2 Qf4+ 53.Bg3 Qe4 54.Qd3 Qxd3 55.Rxd3 Rb1 56.c4 Rb4 57.Rc3 e4
58.Rc2 Bd4 59.c5 Rxb5 60.Bd6 Rb1 61.Kg3 Kf6 62.Kf4 e5+ 63.Kxe4 Ke6 64.c6 Rb3
65.Re2 Kxd6 66.Kf5 Kxc6 67.Kg5 Rb8 68.Kxh5 Rg8  0-1

[Event "ECT Open A"]
[Site "Borne NED"]
[Date "2011.08.03"]
[Round "4.10"]
[White "Lensink,Daan"]
[Black "Dijkhuis,Tycho"]
[Result "0-1"]
[WhiteElo "1647"]
[BlackElo "1831"]

1.e4 c5 2.Nf3 d6 3.Bb5+ Bd7 4.Bxd7+ Qxd7 5.O-O Nf6 6.Qe2 Nc6 7.c3 g6 8.d4 cxd4
9.cxd4 Bg7 10.Nc3 O-O 11.Rd1 Rfc8 12.e5 Ne8 13.Ng5 Nd8 14.f4 d5 15.g4 h6
16.Nh3 h5 17.Qg2 Qxg4 18.Qxg4 hxg4 19.Nf2 e6 20.Nxg4 Nc6 21.Na4 Ne7 22.Bd2 Rc4
23.Nc5 Rxd4 24.Nb3 Rc4 25.Rac1 Rac8 26.Rxc4 Rxc4 27.Rc1 Nc6 28.Rxc4 dxc4
29.Nc5 b5 30.Ne4 Kf8 31.Kf1 Ke7 32.Ke1 Kd7 33.a3 Bf8 34.Be3 Kc7 35.Bc5 Bxc5
36.Nxc5 Nd8 37.Kd2 Ng7 38.Ne4 Nf5 39.Ng5 Kc6 40.Kc3 a5 41.h3 Ng7 42.Kd4 Nh5
43.Ke3 b4 44.axb4 axb4 45.Kd4 c3 46.bxc3 b3 47.Ne4 Nxf4 48.Nd2 b2 49.Kc4 Nxh3
50.Kb3 Kd5 51.Kxb2 Nc6 52.c4+ Kd4 53.Ka3 Nf4 54.Nf3+ Kxc4 55.Ng5 Nd8 56.Nh6 Kd4
57.Nhxf7 Nxf7 58.Nxf7 Nh3 59.Kb2 g5 60.Kc2 Ke3 61.Nd8 g4 62.Nxe6 g3 63.Nc7 g2
64.e6 g1=Q 65.e7 Qg6+ 66.Kb3 Qf7+  0-1